Central Library OPAC University of Rajshahi

The Great apes / (Record no. 12550)

MARC details
000 -LEADER
fixed length control field 01134cam a2200325 i 4500
001 - CONTROL NUMBER
control field 12550
003 - CONTROL NUMBER IDENTIFIER
rucl marc code BD-RjUL
005 - DATE AND TIME OF LATEST TRANSACTION
control field 20211208235320.0
008 - FIXED-LENGTH DATA ELEMENTS--GENERAL INFORMATION
fixed length control field 140129s1979 caua b 001 0 eng
020 ## - INTERNATIONAL STANDARD BOOK NUMBER
International Standard Book Number 0805336699
035 ## - SYSTEM CONTROL NUMBER
System control number (BD-RjUL)12599
040 ## - CATALOGING SOURCE
Original cataloging agency DLC
Transcribing agency DLC
Modifying agency DLC
-- BD-RjUL
Language of cataloging eng
041 ## - LANGUAGE CODE
Language code of text/sound track or separate title eng
082 00 - DEWEY DECIMAL CLASSIFICATION NUMBER
Classification number 599.88045
Author mark and year GRE 1979
245 04 - TITLE STATEMENT
Title The Great apes /
Statement of responsibility, etc. edited by David A. Hamburg and Elizabeth R. McCown.
260 ## - PUBLICATION, DISTRIBUTION, ETC. (IMPRINT)
Place of publication, distribution, etc. Menlo Park, Calif. :
Name of publisher, distributor, etc. Benjamin/Cummings Pub. Co.,
Date of publication, distribution, etc. c1979.
300 ## - PHYSICAL DESCRIPTION
Pagination xiii, 554 p. :
Illustrations ill. ;
Size 24 cm.
500 ## - GENERAL NOTE
General note "A publication of the Society for the Study of Human Evolution."
504 ## - BIBLIOGRAPHY, ETC. NOTE
Bibliography, etc Bibliography: p. 501-538. and index.
650 #0 - SUBJECT ADDED ENTRY--TOPICAL TERM
Topical term or geographic name as entry element Apes
General subdivision Behavior.
9 (RLIN) 39086
Topical term or geographic name as entry element Mammals
General subdivision Behavior.
9 (RLIN) 38309
700 1# - ADDED ENTRY--PERSONAL NAME
Personal name Hamburg, David A.,
Dates associated with a name 1925-
Personal name McCown, Elizabeth R.
710 2# - ADDED ENTRY--CORPORATE NAME
Corporate name or jurisdiction name as entry element Society for the Study of Human Evolution.
9 (RLIN) 39089
942 ## - ADDED ENTRY ELEMENTS (KOHA)
Source of classification or shelving scheme Dewey Decimal Classification
Koha item type Books
Holdings
Lost status Source of classification or shelving scheme Damaged status Not for loan Collection code Permanent Location Current Location Shelving location Date acquired Source of acquisition Cost, normal purchase price Total Checkouts Full call number Date last seen Copy number Koha item type
  Dewey Decimal Classification   Not For Loan Non-fiction Central Library, University of Rajshahi Central Library, University of Rajshahi Reading Room 17/07/1985 Tulip 35.25   599.88045 GRE 1979 29/01/2014 C-1 Books